Our last best chance / (Record no. 14134)

000 -LEADER
fixed length control field 00852nam a2200289 a 4500
001 - CONTROL NUMBER
control field ASIN1846143373
005 - DATE AND TIME OF LATEST TRANSACTION
control field 20170105102848.0
008 - FIXED-LENGTH DATA ELEMENTS--GENERAL INFORMATION
fixed length control field 130819s2011 xxu eng d
020 ## - INTERNATIONAL STANDARD BOOK NUMBER
International Standard Book Number 1846143373 (hardcover)
020 ## - INTERNATIONAL STANDARD BOOK NUMBER
International Standard Book Number 9781846143373 (hardcover)
040 ## - CATALOGING SOURCE
Original cataloging agency 0
050 04 - LIBRARY OF CONGRESS CALL NUMBER
Classification number DS154.6.A23
082 04 - DEWEY DECIMAL CLASSIFICATION NUMBER
Classification number 956.95044092
100 1# - MAIN ENTRY--PERSONAL NAME
Personal name Abdullah, King.
245 10 - TITLE STATEMENT
Title Our last best chance /
Statement of responsibility, etc. King Abdullah.
260 ## - PUBLICATION, DISTRIBUTION, ETC.
Place of publication, distribution, etc. [S.l.] :
Name of publisher, distributor, etc. LANE ALLEN,
Date of publication, distribution, etc. 2011.
300 ## - PHYSICAL DESCRIPTION
Extent 1 v. (unpaged) ;
Dimensions 24 cm.
650 #0 - SUBJECT ADDED ENTRY--TOPICAL TERM
Topical term or geographic name entry element Abdullah II, King of Jordan, 1962-
650 #0 - SUBJECT ADDED ENTRY--TOPICAL TERM
Topical term or geographic name entry element Arab-Israeli conflict--Peace
650 #0 - SUBJECT ADDED ENTRY--TOPICAL TERM
Topical term or geographic name entry element Jordan
650 #0 - SUBJECT ADDED ENTRY--TOPICAL TERM
Topical term or geographic name entry element Kings and rulers
650 #0 - SUBJECT ADDED ENTRY--TOPICAL TERM
Topical term or geographic name entry element Middle East
650 #0 - SUBJECT ADDED ENTRY--TOPICAL TERM
Topical term or geographic name entry element Peace-building
650 #0 - SUBJECT ADDED ENTRY--TOPICAL TERM
Topical term or geographic name entry element Political science
856 40 - ELECTRONIC LOCATION AND ACCESS
Materials specified Amazon.com
Uniform Resource Identifier <a href="http://www.amazon.com/exec/obidos/ASIN/1846143373/chopaconline-20">http://www.amazon.com/exec/obidos/ASIN/1846143373/chopaconline-20</a>
942 ## - ADDED ENTRY ELEMENTS (KOHA)
Source of classification or shelving scheme
Koha item type Book
Holdings
Withdrawn status Lost status Damaged status Not for loan Collection code Permanent Location Current Location Shelving location Date acquired Total Checkouts Full call number Barcode Date last seen Price effective from Koha item type
          Centre for International Peace & Stability (CIPS) Centre for International Peace & Stability (CIPS) General Stacks 08/19/2013   956.95044092 ABD 2011 CIPS0000722 08/19/2013 01/05/2017 Book
          Centre for International Peace & Stability (CIPS) Centre for International Peace & Stability (CIPS) General Stacks 10/01/2013   956.95044092 ABD 2011 CIPS0001418 10/25/2013 10/25/2013 Book
© 2023 Central Library, National University of Sciences and Technology. All Rights Reserved.